Las Industrias de cantos rodados del Cabo de Salou / por Salvador Vilaseca Anguera
Descripción Física:
108 p. : il. ; 27 cm
Colección:
Monografías ; 40
MARC
| LEADER | 00000nam a2200000Ia 4500 | ||
|---|---|---|---|
| 001 | 7806 | ||
| 008 | 160829s1973 xx 000 0 cat d | ||
| 080 | |a H-2-90 | ||
| 100 | |a Vilaseca Anguera, Salvador |9 24036 | ||
| 245 | |a Las Industrias de cantos rodados del Cabo de Salou / por Salvador Vilaseca Anguera | ||
| 260 | |a Barcelona : |b Diputación. Instituto de Prehistoria y Arqueología, |c 1973 | ||
| 300 | |a 108 p. : |b il. ; |c 27 cm | ||
| 490 | |a Monografías ; 40 | ||
| 590 | |a Separata d'Ampurias ; 35 | ||
| 650 | |a Salou, Cap de (Salou : Jaciment arqueològic) |9 24040 | ||
| 650 | |a Utensilis de pedra |x Salou |9 24041 | ||
| 650 | |a Salou |x Arqueologia |9 24042 | ||
| 710 | 2 | |a Instituto de Prehistoria y Arqueología (Barcelona, Catalunya) |9 54255 | |
| 901 | |a Arxiu | ||
| 942 | |n 1 |2 udc | ||
| 952 | |0 0 |1 0 |4 0 |6 H290 |7 1 |9 42948 |a Arxiu |b Arxiu |d 2016-12-01 |l 0 |o H-2-90 |p 7806 |r 2016-12-01 00:00:00 |w 2016-12-01 |y ARXIU | ||
| 999 | |c 45490 |d 45490 | ||